Music Quiz

Random Music or Singers Quiz

Female Solo Artists by Picture II Quiz Stats

Quiz Updated Apr 10, 2016

Challenge
Share
Tweet
Score 0/24 Timer 06:00
28 Plays Today
% Correct
Taylor Swift
97.2%
Miley Cyrus
95.2%
Pink
94.5%
Cher
94.3%
Dolly Parton
92.5%
Britney Spears
92.4%
Mariah Carey
91.7%
Lady Gaga
91.4%
Madonna
87.3%
Jennifer Lopez
87.2%
Tina Turner
76.2%
Janis Joplin
72.5%
% Correct
Aretha Franklin
71.7%
Björk
68.1%
Paula Abdul
67.4%
Alanis Morissette
59.9%
Shania Twain
53.7%
Alicia Keys
53.5%
Gloria Estefan
47.9%
Donna Summer
46.6%
Norah Jones
38.4%
Lana Del Rey
34.6%
Enya
31.7%
Aaliyah
24%

You're not logged in!

Compare scores with friends on all Sporcle quizzes.
Sign Up with Email
OR
Log In

You Might Also Like...

Show Comments

Extras

Top Quizzes Today


Score Distribution

Your Account Isn't Verified!

In order to create a playlist on Sporcle, you need to verify the email address you used during registration. Go to your Sporcle Settings to finish the process.